Co-mediación: aporte emocional para fortalecer la relación con el otro
Bewaard in:
| Hoofdauteur: | |
|---|---|
| Formaat: | Boek |
| Taal: | Spaans |
| Gepubliceerd in: |
Buenos Aires
Ad-Hoc
1997
|
| Editie: | 1a. ed |
| Reeks: | Resolución Alternativa de Disputas, 2
|
| Onderwerpen: | |
| Tags: |
Voeg label toe
Geen labels, Wees de eerste die dit record labelt!
|
MARC
| LEADER | 00000nam a2200000 a 4500 | ||
|---|---|---|---|
| 001 | UCK6817 | ||
| 003 | CL-VaPUC | ||
| 008 | 051021e19970400AG |||||||||||||||||spa|d | ||
| 020 | |a 9508940662 | ||
| 082 | 0 | 4 | |a 303.69 |b ALO |2 21 |
| 100 | 0 | |a Aloisio, Victoria |e author |9 496281 | |
| 245 | 1 | 0 | |a Co-mediación: aporte emocional para fortalecer la relación con el otro |
| 250 | |a 1a. ed | ||
| 300 | |a 112 p | ||
| 942 | |c BK | ||
| 945 | |d 20051021 00:00:00 |a cmena | ||
| 260 | |a Buenos Aires |b Ad-Hoc |c 1997 | ||
| 650 | 0 | |a Mediación |9 338396 | |
| 650 | 0 | |a Resolución de conflictos |9 434922 | |
| 650 | 0 | |a Relaciones interpersonales |9 307056 | |
| 650 | 7 | |a TRABAJO EN EQUIPO |2 CL-VaPUC |9 393025 | |
| 583 | |a last modification |c 20051021 00:00:00 |k Rodrigo Vera | ||
| 490 | 0 | |a Resolución Alternativa de Disputas, 2 | |
| 999 | |c 314963 |d 314961 | ||
| 952 | |0 0 |1 0 |4 0 |6 303_690000000000000_ALO_1997 |7 0 |8 A |9 387797 |a BIBDER |b BIBDER |d 2019-11-22 |i 4197437 |o 303.69 ALO 1997 |p 4197437 |r 2023-01-25 |w 2019-11-22 |y BK |k DER | ||